[Event "24. Schweinfurt Open"]
[Site "Schweinfurt"]
[Date "2014.06.21"]
[Round "4.3"]
[White "Ziegler, Michael"]
[Black "Krenz, Dieter"]
[Result "1-0"]
[WhiteElo "2158"]
[BlackElo "2024"]
[PlyCount "111"]
[EventDate "2014.??.??"]

1. d4 Nf6 2. Nf3 e6 3. c4 b6 4. g3 Bb7 5. Bg2 c5 6. Nc3 cxd4 7. Qxd4 Bb4 8. O-O
Nc6 9. Qd3 Bxc3 10. Qxc3 h6 11. b3 Qe7 12. Rd1 O-O 13. Bb2 Rfd8 14. Ne5 Ne8 15.
Rd2 Rac8 16. Qe3 d6 17. Nd3 Qc7 18. Rad1 Ne7 19. Nf4 Bxg2 20. Kxg2 Qc6+ 21. f3
Nf5 22. Qf2 Ne7 23. e4 a6 24. e5 d5 25. Ba3 Rc7 26. Bxe7 Rxe7 27. cxd5 exd5 28.
Nxd5 Rxe5 29. Ne7+ Rxe7 30. Rxd8 Kh7 31. Re1 Rxe1 32. Qxe1 Nf6 33. Qd2 Qc7 34.
Rd4 Qe5 35. Rd3 a5 36. Re3 Qc5 37. Qc3 Qa3 38. Re2 Qd6 39. Rd2 Qe6 40. Qd3+ g6
41. Qc4 Qe8 42. Re2 Qd7 43. Qc3 Qd6 44. Rd2 Qe6 45. Qc4 Qe8 46. Rd6 b5 47. Qd3
Qe7 48. Ra6 Qa3 49. Qd2 Qe7 50. Rxa5 b4 51. Rb5 Qe6 52. Rxb4 Nd5 53. Re4 Qc6
54. a4 h5 55. a5 Qc5 56. Re5 1-0

[Event "24. Schweinfurt Open"]
[Site "Schweinfurt"]
[Date "2014.06.21"]
[Round "4.4"]
[White "Helgert, Johannes"]
[Black "Lukas, Norbert"]
[Result "1/2-1/2"]
[WhiteElo "1994"]
[BlackElo "2061"]
[PlyCount "44"]
[EventDate "2014.??.??"]

1. d4 Nf6 2. c4 e6 3. Nc3 d5 4. cxd5 exd5 5. Bg5 c6 6. Qc2 Be7 7. e3 Bg4 8. Bd3
h6 9. Bxf6 Bxf6 10. Nge2 Nd7 11. O-O Bxe2 12. Qxe2 O-O 13. b4 a6 14. a4 Re8 15.
Qc2 Nb6 16. Rab1 Qd6 17. Rfc1 Rac8 18. Qb3 Red8 19. Ne2 Be7 20. Rc2 g6 21. Ra2
Nd7 22. Nf4 Bg5 1/2-1/2

[Event "24. Schweinfurt Open"]
[Site "Schweinfurt"]
[Date "2014.06.21"]
[Round "4.5"]
[White "Kuhn, Norbert"]
[Black "Brux, Jürgen"]
[Result "1-0"]
[WhiteElo "2151"]
[BlackElo "1801"]
[PlyCount "59"]
[EventDate "2014.??.??"]

1. e4 c5 2. Nf3 d6 3. Bb5+ Bd7 4. Bxd7+ Nxd7 5. O-O Ngf6 6. Re1 g6 7. c3 Bg7 8.
d4 cxd4 9. cxd4 O-O 10. Nc3 a6 11. Bg5 h6 12. Bh4 g5 13. Bg3 Nh5 14. Nxg5 Nxg3
15. Nh3 Nxe4 16. Rxe4 Nf6 17. Rh4 d5 18. Nf4 e6 19. Nh5 Nxh5 20. Qxh5 Qf6 21.
Rg4 Rac8 22. Rd1 b5 23. a3 Kh7 24. h3 Rc4 25. Rd3 b4 26. axb4 Rxb4 27. Rdg3 Rg8
28. Rf3 Qd8 29. Rxf7 Kh8 30. Rgxg7 1-0

[Event "24. Schweinfurt Open"]
[Site "Schweinfurt"]
[Date "2014.06.21"]
[Round "4.6"]
[White "Barnickel, Josef"]
[Black "Markwardt, Sven"]
[Result "1-0"]
[WhiteElo "2037"]
[BlackElo "1779"]
[PlyCount "33"]
[EventDate "2014.??.??"]

1. c4 c5 2. Nf3 Nf6 3. g3 d5 4. cxd5 Nxd5 5. Bg2 Nc6 6. O-O Nc7 7. Nc3 e5 8. a3
Be7 9. b4 cxb4 10. axb4 Bxb4 11. Nxe5 Bxc3 12. Nxc6 bxc6 13. Bxc6+ Bd7 14.
Bxd7+ Qxd7 15. dxc3 Nb5 16. c4 Qd4 17. Qa4 1-0

[Event "24. Schweinfurt Open"]
[Site "Schweinfurt"]
[Date "2014.06.21"]
[Round "4.7"]
[White "Kilian, Markus"]
[Black "Volkovski, Reinhold"]
[Result "1-0"]
[WhiteElo "2013"]
[BlackElo "1742"]
[PlyCount "65"]
[EventDate "2014.??.??"]

1. d4 d6 2. Nf3 Nf6 3. c4 g6 4. Nc3 Bg7 5. e4 c6 6. Be2 Qc7 7. O-O Nbd7 8. Ne1
O-O 9. Be3 Re8 10. f4 Nf8 11. Rc1 N6d7 12. Nf3 e5 13. fxe5 dxe5 14. d5 Nf6 15.
Ne1 N8d7 16. c5 Rd8 17. b4 Nf8 18. Bg5 N8d7 19. Qd2 Re8 20. Bc4 Rb8 21. a3 Ra8
22. Nd3 Qd8 23. Rf3 cxd5 24. Bxd5 h6 25. Bxh6 Nxd5 26. Nxd5 Nf6 27. Nxf6+ Bxf6
28. Rcf1 Re6 29. Qf2 Kh7 30. Rxf6 Rxf6 31. Qxf6 Qxf6 32. Rxf6 Kxh6 33. Rxf7 1-0

[Event "24. Schweinfurt Open"]
[Site "Schweinfurt"]
[Date "2014.06.21"]
[Round "4.8"]
[White "Gould, Charles"]
[Black "Brodt, Andreas"]
[Result "1-0"]
[WhiteElo "1963"]
[BlackElo "1579"]
[PlyCount "37"]
[EventDate "2014.??.??"]

1. f4 Nf6 2. b3 e6 3. Nf3 Be7 4. Bb2 O-O 5. e3 b6 6. Bd3 Bb7 7. O-O h6 8. Qe1
Nh5 9. g4 Bxf3 10. Rxf3 Bh4 11. Qf1 Nf6 12. Qh3 Nh7 13. Nc3 d5 14. Ne2 g5 15.
Ng3 Nf6 16. fxg5 Bxg5 17. Bxf6 Bxf6 18. Qxh6 Re8 19. Rxf6 1-0

[Event "24. Schweinfurt Open"]
[Site "Schweinfurt"]
[Date "2014.06.21"]
[Round "4.9"]
[White "Blank, Stefan"]
[Black "Weber, Bernhard"]
[Result "1-0"]
[WhiteElo "1834"]
[BlackElo "1941"]
[PlyCount "73"]
[EventDate "2014.??.??"]

1. e4 e6 2. d3 d5 3. Nd2 Nf6 4. Ngf3 Be7 5. c3 O-O 6. g3 c5 7. Bg2 Nc6 8. O-O
b5 9. e5 Nd7 10. Re1 a5 11. a4 bxa4 12. Rxa4 Ba6 13. c4 Nb6 14. cxd5 Nxd5 15.
Ne4 Ndb4 16. Nfg5 Qe8 17. Qh5 h6 18. Nf6+ Bxf6 19. exf6 Bxd3 20. fxg7 Kxg7 21.
Ne4 f5 22. Qxh6+ Kg8 23. Nf6+ Rxf6 24. Qxf6 Bc4 25. Qg5+ Kf8 26. Qh4 Bb3 27.
Bh6+ Kf7 28. Qh5+ Ke7 29. Bg5+ Kd6 30. Bf4+ e5 31. Qh6+ Kc7 32. Rxb4 axb4 33.
Qg7+ Kb6 34. Qf6 Qe6 35. Qxe6 Bxe6 36. Bxe5 Nxe5 37. Bxa8 1-0

[Event "24. Schweinfurt Open"]
[Site "Schweinfurt"]
[Date "2014.06.21"]
[Round "4.10"]
[White "Hofmann-Weippert, Matthias"]
[Black "Müller, Gerhard"]
[Result "0-1"]
[WhiteElo "1508"]
[BlackElo "1840"]
[PlyCount "68"]
[EventDate "2014.??.??"]

1. d4 f5 2. c4 Nf6 3. Nc3 g6 4. Nf3 Bg7 5. e3 b6 6. Qc2 Bb7 7. d5 Na6 8. Be2
O-O 9. O-O Nc5 10. Nd2 Re8 11. Rb1 a5 12. f3 e5 13. e4 f4 14. Nb3 Bf8 15. Nd2
Nh5 16. Qd1 Na6 17. Nb3 Nb4 18. a3 Na6 19. Qe1 Nc5 20. Nd2 a4 21. Nd1 Na6 22.
b4 axb3 23. Nxb3 Nc5 24. Nd2 Bc8 25. Nf2 Nb7 26. Ra1 Na5 27. a4 Bc5 28. Ba3 Bd4
29. Rb1 Ng3 30. Bb2 Be3 31. Bc1 d6 32. Qd1 Qh4 33. hxg3 fxg3 34. Qe1 Qh2# 0-1

[Event "24. Schweinfurt Open"]
[Site "Schweinfurt"]
[Date "2014.06.21"]
[Round "5.1"]
[White "Golda, Harald"]
[Black "Ziegler, Michael"]
[Result "1/2-1/2"]
[WhiteElo "2345"]
[BlackElo "2158"]
[PlyCount "55"]
[EventDate "2014.??.??"]

1. d4 Nf6 2. Nf3 g6 3. c4 Bg7 4. g3 O-O 5. Bg2 d5 6. cxd5 Nxd5 7. O-O Nc6 8.
Nc3 Nb6 9. e3 Re8 10. b3 e5 11. Nxe5 Nxe5 12. dxe5 Bxe5 13. Bb2 Qxd1 14. Raxd1
c6 15. h3 Bg7 16. Rd2 f5 17. Rfd1 Be6 18. Kh2 a5 19. h4 a4 20. Nxa4 Nxa4 21.
bxa4 Rxa4 22. Bxg7 Kxg7 23. Rb1 Re7 24. Rdb2 Ra7 25. a4 Kf6 26. Rb4 h6 27. Rc1
Rd7 28. Rc2 1/2-1/2

[Event "24. Schweinfurt Open"]
[Site "Schweinfurt"]
[Date "2014.06.21"]
[Round "5.3"]
[White "Amtmann, Florian"]
[Black "Helgert, Johannes"]
[Result "1-0"]
[WhiteElo "2153"]
[BlackElo "1994"]
[PlyCount "155"]
[EventDate "2014.??.??"]

1. e4 e6 2. d4 d5 3. e5 c5 4. c3 Qb6 5. Nf3 Nc6 6. a3 c4 7. Nbd2 Na5 8. g3 Bd7
9. h4 Nh6 10. Bh3 f5 11. exf6 gxf6 12. O-O O-O-O 13. Re1 Bg7 14. Rb1 Rhe8 15.
Qc2 e5 16. Bxd7+ Rxd7 17. dxe5 fxe5 18. Nf1 Ng4 19. Ne3 Nxe3 20. Bxe3 Qf6 21.
Nd2 Rf8 22. Qxh7 d4 23. cxd4 exd4 24. Bf4 b5 25. Qe4 Qc6 26. a4 Qxe4 27. Nxe4
Rxf4 28. gxf4 b4 29. f5 d3 30. f6 Bf8 31. Ng5 d2 32. Re8+ Rd8 33. Rxd8+ Kxd8
34. Ne4 Bh6 35. Rd1 Nb3 36. Kg2 Kd7 37. Kg3 Ke6 38. f7 Ke7 39. f4 Bg7 40. Nxd2
Na5 41. Ne4 c3 42. bxc3 bxc3 43. Rc1 Nb3 44. Rxc3 Bxc3 45. f8=Q+ Kxf8 46. Nxc3
Nd4 47. Kg4 Kg7 48. Nb5 Nc6 49. Kg5 a6 50. Nc7 a5 51. Ne6+ Kf7 52. Nc5 Nd4 53.
Nb7 Nc6 54. h5 Nd4 55. Nxa5 Ne6+ 56. Kg4 Nc5 57. Nc6 Nxa4 58. Ne5+ Kg7 59. Kg5
Nc5 60. Ng4 Ne4+ 61. Kh4 Nd6 62. Ne3 Kf6 63. Kg4 Ne4 64. Nd5+ Kf7 65. f5 Nd6
66. h6 Ne8 67. Kg5 Nd6 68. f6 Ne4+ 69. Kf5 Nd6+ 70. Ke5 Nc4+ 71. Kd4 Nd6 72. h7
Nf5+ 73. Ke5 Nh4 74. Ne7 Nf3+ 75. Kf4 Nh4 76. h8=Q Ng6+ 77. Nxg6 Kxg6 78. Qg7+
1-0

[Event "24. Schweinfurt Open"]
[Site "Schweinfurt"]
[Date "2014.06.21"]
[Round "5.4"]
[White "Kilian, Markus"]
[Black "Kuhn, Norbert"]
[Result "1/2-1/2"]
[WhiteElo "2013"]
[BlackElo "2151"]
[PlyCount "45"]
[EventDate "2014.??.??"]

1. d4 d5 2. c4 e6 3. Nc3 Nf6 4. cxd5 exd5 5. Bg5 Be7 6. e3 O-O 7. Bd3 b6 8.
Bxf6 Bxf6 9. Qh5 g6 10. Qxd5 c6 11. Qxd8 Rxd8 12. Rc1 Bb7 13. Be4 Nd7 14. Nge2
Rab8 15. O-O c5 16. Rfd1 cxd4 17. exd4 Bg7 18. Bxb7 Rxb7 19. Ne4 Nf6 20. Nxf6+
Bxf6 21. Rc2 Rbd7 22. Kf1 Kf8 23. Rcd2 1/2-1/2

[Event "24. Schweinfurt Open"]
[Site "Schweinfurt"]
[Date "2014.06.21"]
[Round "5.5"]
[White "Lukas, Norbert"]
[Black "Gould, Charles"]
[Result "1-0"]
[WhiteElo "2061"]
[BlackElo "1963"]
[PlyCount "67"]
[EventDate "2014.??.??"]

1. e4 d6 2. d4 g6 3. Nf3 Nf6 4. Bd3 c5 5. c3 Bg7 6. O-O O-O 7. h3 Nc6 8. dxc5
dxc5 9. Qc2 e5 10. Bg5 Qc7 11. Nbd2 a6 12. a4 b6 13. Nc4 Bb7 14. Qb3 Nd7 15.
Rad1 b5 16. axb5 axb5 17. Qxb5 Rfb8 18. Qb3 Na5 19. Qc2 Nxc4 20. Bxc4 Nb6 21.
Be2 c4 22. Nd2 Bc6 23. Ra1 Ba4 24. Qc1 Bd7 25. Rxa8 Rxa8 26. Be3 Na4 27. Bxc4
Rb8 28. b3 Nc5 29. Qa3 Bf8 30. b4 Ne6 31. Qa5 Qc8 32. Ra1 Nf4 33. Qxe5 Nxg2 34.
Bd4 1-0

[Event "24. Schweinfurt Open"]
[Site "Schweinfurt"]
[Date "2014.06.21"]
[Round "5.6"]
[White "Müller, Gerhard"]
[Black "Barnickel, Josef"]
[Result "1/2-1/2"]
[WhiteElo "1840"]
[BlackElo "2037"]
[PlyCount "146"]
[EventDate "2014.??.??"]

1. e4 c5 2. Nf3 Nc6 3. Bb5 g6 4. Bxc6 bxc6 5. c4 Bg7 6. Qc2 e6 7. d3 Ne7 8. Bd2
d5 9. Bc3 d4 10. Bd2 Qd6 11. O-O f5 12. Re1 e5 13. Bg5 f4 14. Bxe7 Qxe7 15. Qa4
Qb7 16. b3 Ke7 17. Qa3 Kd6 18. Nbd2 Bf6 19. Rab1 a5 20. Re2 g5 21. Rbe1 Qb4 22.
Qxb4 axb4 23. Ra1 Rf8 24. h3 h5 25. Kh2 Rf7 26. Ng1 g4 27. f3 Be6 28. Nf1 Rg7
29. Rae1 Rag8 30. Nd2 Bh4 31. Ra1 Ra7 32. Nf1 Ke7 33. Rb2 Kf6 34. Rc2 Ra3 35.
Re2 Rg7 36. Rb2 Rga7 37. Kh1 Ra8 38. Nh2 Bg3 39. Nf1 Kg5 40. Nh2 Rh8 41. Nf1
Kh4 42. Nh2 gxh3 43. Ne2 Rg8 44. Ng1 Ra7 45. gxh3 Rag7 46. Rg2 Bxh3 47. Nxh3
Kxh3 48. Rag1 Ra8 49. Ra1 Rga7 50. Nf1 Ra3 51. Rb2 Rg8 52. Rg2 Ra7 53. Nh2 Kh4
54. Nf1 Rga8 55. Rb2 Kg5 56. Kg2 Rg7 57. Kh1 Kf6 58. Re2 Rag8 59. Rg2 Rg5 60.
Rc1 Kg6 61. Nd2 Kh6 62. Rcg1 Ra8 63. Nf1 h4 64. Nh2 h3 65. Re2 Kh5 66. Ra1 Rag8
67. Rg1 Kh4 68. Rc2 Bxh2 69. Rxg5 Rxg5 70. Kxh2 Rg3 71. Rf2 Rg8 72. Re2 Rg7 73.
Rd2 Rg6 1/2-1/2

[Event "24. Schweinfurt Open"]
[Site "Schweinfurt"]
[Date "2014.06.21"]
[Round "5.7"]
[White "Krenz, Dieter"]
[Black "Blank, Stefan"]
[Result "1-0"]
[WhiteElo "2024"]
[BlackElo "1834"]
[PlyCount "83"]
[EventDate "2014.??.??"]

1. e4 c5 2. d4 cxd4 3. c3 dxc3 4. Nxc3 Nc6 5. Nf3 d6 6. Bc4 e6 7. O-O Be7 8.
Qe2 Bf6 9. Rd1 Bxc3 10. bxc3 Nge7 11. Bf4 Qa5 12. Bxd6 Qxc3 13. Rac1 Qa5 14.
Bb3 b6 15. Qe3 O-O 16. Qf4 Ng6 17. Qg3 Nce7 18. Rc7 Rd8 19. Bxe7 Rxd1+ 20. Bxd1
Nxe7 21. Rxe7 Ba6 22. Bb3 Qc3 23. h4 Rc8 24. Qf4 Rf8 25. Rxa7 Be2 26. Ne5 Qe1+
27. Kh2 Bh5 28. g4 Bg6 29. Nxg6 hxg6 30. Kg2 Qc3 31. Rc7 Qd4 32. Rb7 e5 33.
Bxf7+ Kh7 34. Qf3 Qd8 35. Bxg6+ Kg8 36. Qb3+ Kh8 37. Kg3 Qd2 38. Rf7 Rd8 39.
Qf3 Qd6 40. Qf5 Qd3+ 41. f3 Kg8 42. Rxg7+ 1-0

[Event "24. Schweinfurt Open"]
[Site "Schweinfurt"]
[Date "2014.06.21"]
[Round "5.8"]
[White "Wiener, Horst"]
[Black "Schmitz, Wolfgang"]
[Result "1-0"]
[WhiteElo "1891"]
[BlackElo "2057"]
[PlyCount "71"]
[EventDate "2014.??.??"]

1. e4 e5 2. Nf3 d6 3. d4 exd4 4. Nxd4 Nf6 5. Nc3 Be7 6. Be2 O-O 7. O-O c5 8.
Nb3 Nc6 9. Be3 Re8 10. f4 Bf8 11. Bf3 b6 12. Re1 Bb7 13. g4 d5 14. Nxd5 c4 15.
Nd4 Nxe4 16. Nb5 Nb4 17. Ndc7 Qxd1 18. Bxd1 a6 19. Nxa8 axb5 20. Nc7 Rd8 21.
Nxb5 Nd2 22. Bxb6 Rd5 23. Nc3 Rd6 24. Bc5 Rd8 25. Bxf8 Kxf8 26. Kf2 Nd5 27.
Nxd5 Rxd5 28. c3 Rd3 29. Be2 Rh3 30. Kg1 Nf3+ 31. Bxf3 Rxf3 32. Rad1 g5 33.
Rd8+ Kg7 34. fxg5 Rf4 35. Rd4 Rxd4 36. cxd4 1-0

[Event "24. Schweinfurt Open"]
[Site "Schweinfurt"]
[Date "2014.06.21"]
[Round "5.9"]
[White "Brodt, Andreas"]
[Black "Kempe, Frank"]
[Result "1-0"]
[WhiteElo "1579"]
[BlackElo "2030"]
[PlyCount "69"]
[EventDate "2014.??.??"]

1. d4 Nf6 2. Nf3 g6 3. c4 Bg7 4. Nc3 O-O 5. e4 d6 6. Be2 e5 7. Bg5 Nbd7 8. d5
h6 9. Bh4 a5 10. h3 Nc5 11. Nd2 Bd7 12. a3 a4 13. g4 g5 14. Bg3 c6 15. h4 Qa5
16. f3 cxd5 17. hxg5 hxg5 18. Nxd5 Nxd5 19. exd5 Nb3 20. Qc2 Rfe8 21. Qh7+ Kf8
22. Rd1 Rac8 23. Rh5 f6 24. Bf2 b5 25. Qg6 Re7 26. Be3 bxc4 27. Kf2 Nxd2 28.
Bxd2 Qb6+ 29. Be3 Qb7 30. Rdh1 Rf7 31. Rh7 Qxd5 32. Rxg7 Rxg7 33. Rh8+ Rg8 34.
Qxf6+ Ke8 35. Bxg5 1-0

[Event "24. Schweinfurt Open"]
[Site "Schweinfurt"]
[Date "2014.06.21"]
[Round "5.10"]
[White "Weber, Bernhard"]
[Black "Schleicher, Roland"]
[Result "1/2-1/2"]
[WhiteElo "1941"]
[BlackElo "1632"]
[PlyCount "28"]
[EventDate "2014.??.??"]

1. e4 d5 2. exd5 Nf6 3. d4 Qxd5 4. Nf3 Bg4 5. Be2 e6 6. c4 Bb4+ 7. Nbd2 Qd8 8.
Qb3 Nc6 9. O-O O-O 10. Qe3 Bxd2 11. Bxd2 Bxf3 12. Bxf3 Nxd4 13. Bb4 Nc2 14. Qc3
Nxa1 1/2-1/2